Návrh montáže elektrotechnického výrobku = Assembly of industrial linkage female plug and sock plug : Bakalárska práca

Enregistré dans:
Détails bibliographiques
Auteur principal: Zvončan, Marek, 1985- (Auteur)
Autres auteurs: Polakovič, Miloš, 1982- (xxx)
Format: Manuscrit Livre
Langue:slovaque
Publié: Trnava : STU v Bratislave MTF UVTE KOM, 2007
Sujets:
Tags: Ajouter un tag
Pas de tags, Soyez le premier à ajouter un tag!

MARC

LEADER 00000ntm a22000003a 4500
001 stu146023
005 20150617225935.5
008 071001s2007----xo------------------slo-d
040 |a STU  |b slo 
041 0 |a slo 
044 |a xo 
100 1 |a Zvončan, Marek,  |d 1985-  |4 aut  |u M3000  |U MTF Materiálovotechnologická fakulta  |T MTF Ústav výrobných technológií  |X 32462  |U M3000  |Y 83  |7 A000032462 
245 1 |a Návrh montáže elektrotechnického výrobku = Assembly of industrial linkage female plug and sock plug :  |b Bakalárska práca 
260 |a Trnava :  |b STU v Bratislave MTF UVTE KOM,  |c 2007 
300 |a 48 s  |c 1 CD-ROM 
500 |a Odbor: Technológie strojárskej výroby 
650 7 |a montáž  |2 stusub 
650 7 |a ručná montáž  |2 stusub 
700 1 |a Polakovič, Miloš,  |d 1982-  |4 xxx  |u M3000  |U MTF Materiálovotechnologická fakulta  |T MTF Ústav výrobných technológií  |X 16468  |U M3000  |Y 83  |7 A000016468 
700 1 |a Václav, Štefan,  |d 1976-  |4 csl  |u M3000  |U MTF Materiálovotechnologická fakulta  |T MTF Ústav výrobných technológií  |X 2778  |U M3000  |Y 83  |7 A000002778 
996 |b 284M066077  |c M*BP-2481  |l MMSKP  |s P  |a 0  |w stu146023_0001